00854nam a22002297a 4500003000500000005001700005008004100022010001000063011001000073035001100083040000900094082001600103245018100119260003700300300001000337490001700347650002800364650002700392650003400419710015400453830001700607CHAP20220329143437.0090903s200? mx r 00010 spa d a96688 a97660 a108330 cCHAP04a638.16bP9400aProducción de miel orgánicac/por Secretaría de Agricultura, Ganadería, Desarrollo Rural, Pesca y Alimentación, Programa Nacional Para el Control de la Abeja Africana aMéxico, D.F. :bSAGARPA,c200? a82 p. 0aManualv; 1014aAgricultura orgánica.14aAlimentos orgánicos.14aMiel de abejasxProducción.2 aMéxico. Secretaría de Agricultura, Ganadería, Desarrollo Rural, Pesca y Alimentación.bPrograma Nacional Para el Control de la Abeja Africana0 aManualv; 10